Statistics for Wonky Word Clicking - L

Click here to take the quiz!

General Stats

  • This quiz has been taken 143 times
  • The average score is 12 of 15

Answer Stats

HintAnswer% Correct
Limerick
93%
Loggerhead
90%
Labyrinth
90%
Looky-loo
89%
Lampoon
89%
Lackadaisacal
88%
Leviathan
86%
Lilliputian
86%
Lummox
85%
Lollapalooza
75%
Lickspittle
68%
Lugubrious
66%
Lollygag
64%
Loblolly
55%
Largiloquent
51%

Score Distribution

Percentile by Number Answered

Percent of People with Each Score

Your Score History

You have not taken this quiz